| 000 | 00713nam a2200217 i 4500 | ||
|---|---|---|---|
| 001 | 89716 | ||
| 003 | ES-MaACL | ||
| 005 | 20230906180243.0 | ||
| 007 | t| | ||
| 008 | 050112s1947 ag ||||1| spa d | ||
| 100 | 1 |
_aLawrence, D.H. ( _d1885-1930) _970743 |
|
| 245 | 1 | 3 |
_aLa serpiente emplumada / _cD.H. Lawrence ; [traducción del inglés por Carmen Gallardo de Mesa]. |
| 250 | _a2ª ed. | ||
| 260 |
_aBuenos Aires : _bLosada, _c[1947] ( _fLópez) |
||
| 300 |
_a444 p. ; _c21 cm. |
||
| 490 | 1 | _aLas grandes novelas de nuestra época | |
| 700 | 1 |
_aGallardo de Mesa, Carmen. _953492 |
|
| 830 | 0 |
_aLas grandes novelas de nuestra época _9184518 |
|
| 852 |
_aES-MaACL _jD-5419 _bR.29770 |
||
| 999 |
_c89716 _d89716 |
||